000 00947nam a2200265 i 4500
001 bg
100 1 _aSMALL, Donald B.
245 1 0 _aĆwiczenia z analizy matematycznej z zastosowaniem systemów obliczeń symbolicznych /
_cDonald B. Small, John M. Hosack ; z ang. przeł. Małgorzata Nalbach.
246 _iTyt. oryg.:
_a.
260 _aWarszawa :
_bWydawnictwa Naukowo-Techniczne,
_c1995.
300 _a242 s. :
_bwykr. ;
_c24 cm.
500 _aTyt. oryg.: Explorations in calculus with a computer algebra system".
504 _aBibliogr. - Indeks.
650 9 _aAnaliza matematyczna
655 _aĆwiczenia i zadania
700 1 _aHOSACK, John M.
020 _a8320417783
040 _cBPK
041 1 _apl
_hen
080 _a517(076)
920 _a83-204-1778-3
942 _cKS
008 s pl f |000 0 pol
999 _c39710
_d39710
856 _uhttp://koha.tu.koszalin.pl/cgi-bin/koha/opac-detail.pl?biblionumber=39710
_yKatalog online BPK